|
|
|
|
| LEADER |
00000cam a2200000 7i4500 |
| 001 |
0000001204 |
| 002 |
000001328 |
| 005 |
20000330.0 |
| 020 |
|
|
|a 9839817124
|
| 090 |
0 |
0 |
|a JF
|b SAN
|
| 245 |
0 |
0 |
|a Sang kancil dengan gong raja
|c di ceritakan semula oleh Johnny Ong dan Sulaiman Zakaria ; illustrasi oleh Edwin Tan
|
| 260 |
|
|
|a Petaling Jaya :
|b Tioman Books ,
|c 1993
|
| 300 |
|
|
|a 24 p. :
|b ill. ;
|c 28 cm.
|
| 650 |
0 |
0 |
|a Folklore
|
| 999 |
|
|
|a 032555
|b BUKU
|c PINJAMAN
|e PERPUSTAKAAN KOMUNITI PETALING JAYA
|
| 999 |
|
|
|a 032556
|b BUKU
|c PINJAMAN
|e PERPUSTAKAAN KOMUNITI PETALING JAYA
|
| 999 |
|
|
|a 032557
|b BUKU
|c PINJAMAN
|e PERPUSTAKAAN KOMUNITI PETALING JAYA
|